| 000 | 00711nam a2200241Ia 4500 | ||
|---|---|---|---|
| 008 | 191130s2003##################000#0#eng## | ||
| 020 | _a9780142002315 | ||
| 022 | _a2002029818 | ||
| 040 |
_aACL _cACL |
||
| 082 | _a420.9 MCC | ||
| 100 | _aMcCrum, Robert | ||
| 245 |
_aThe story of English _cRobert McCrum, William Cran and Robert MacNeil |
||
| 250 | _a3rd rev. ed | ||
| 260 |
_aNew York _bPenguin Books _c2003 |
||
| 300 | _axxi, 468 p. : maps ; 21 cm | ||
| 500 | _aIncludes bibliographical references and index | ||
| 650 | _aEnglish language - History | ||
| 700 | _aCran, William | ||
| 700 | _aMacNeil, Robert | ||
| 990 | _ada6b6611ac10000c74c3f6d9798505bd | ||
| 991 | _a369032 | ||
| 999 |
_c71502 _d71502 |
||